| 000 | 00509nam a2200181Ia 4500 | ||
|---|---|---|---|
| 003 | OSt | ||
| 005 | 20230803162454.0 | ||
| 008 | 230107s9999||||xx |||||||||||||| ||und|| | ||
| 020 | _a9780-7506-8017-2 | ||
| 040 | _cChuka University Library | ||
| 050 |
_aHF 5549.5 _b.H65 2009 |
||
| 100 |
_aHolbeche Linda [ed] _94994 |
||
| 245 | 0 | _aAligning Human Resources and Business Strategy | |
| 260 |
_aAmsterdam _bElsevier _c2009 |
||
| 300 |
_a498p. _bIllustrated |
||
| 650 |
_aStrategic Planning _98562 |
||
| 942 |
_cBK _2lcc |
||
| 999 |
_c9049 _d9049 |
||